The emperor of the air /

Bibliographic Details
Main Author: Glendon, George
Format: Book
Language:English
Published: Toronto : W. Briggs, [between 1910 and 1919?]

MARC

Tag First Indicator Second Indicator Subfields
LEADER 00000cam a2200000 i 4500
001 in00000057110
005 20151008051441.0
008 800506q19101919enka 00011 eng d
035 |a (OCoLC)06288637 
035 |9 AAG7975AM 
040 |a TXA  |c TXA  |d UtOrBLW 
049 |a TXAS  |c [1102709] 
090 |a PZ3.G4856  |b Em 
100 1 |a Glendon, George. 
245 1 4 |a The emperor of the air /  |c by George Glendon ; with eight illustrations by Arthur H. Buckland. 
264 1 |a Toronto :  |b W. Briggs,  |c [between 1910 and 1919?] 
300 |a 311 pages, 9 unnumbered leaves of plates :  |b illustrations ;  |c 20 cm. 
336 |a text  |b txt  |2 rdacontent 
337 |a unmediated  |b n  |2 rdamedia 
338 |a volume  |b nc  |2 rdacarrier 
500 |a British edition published 1910 by Methuen & Co., London. 
999 |a MARS 
999 f f |s 27de0d85-b8a9-3a35-b62c-4dc1493b191f  |i 01be5d04-d8b6-3dfc-8dfa-4cc965f8b4ef  |t 0 
952 f f |p noncirc  |a Texas A&M University  |b College Station  |c Cushing Memorial Library & Archives  |d Cushing: Science Fiction (Does not check out)  |t 0  |e PZ3.G4856 Em  |h Library of Congress classification  |i unmediated -- volume  |m A14800412717 
998 f f |a PZ3.G4856 Em  |t 0  |l Cushing: Science Fiction (Does not check out)